Pengedar VCD

Bibliographic Details
Main Author: M. Saleh Mahyat
Format: Book
Published: Selangor : Hasrat Murni , 2006
Series:Siri tiga serangkai
Subjects:

MARC

LEADER 00000cam a2200000 7i4500
001 0000000565
005 20151222.0
008 070702
020 |a 9830602737 
020 |a 9830602818(set) 
090 0 0 |a JF   |b MAL (319) 
100 0 |a M. Saleh Mahyat 
245 1 0 |a Pengedar VCD   |c M. Saleh Mahyat 
260 |a Selangor :   |b Hasrat Murni ,   |c 2006 
440 |a Siri tiga serangkai 
500 |a Children ages 7-9 years old (orange) 
650 0 |a Children's stories 
650 0 |a Malay fiction 
999 |a 0000917499   |b Book   |c Children Collection   |e Cawangan Bukit Gambir 
999 |a 0000917500   |b Book   |c Children Collection   |e Cawangan Bukit Gambir 
999 |a 0000917501   |b Book   |c Children Collection   |e Cawangan Bukit Gambir 
999 |a 0000930251   |b Book   |c Children Collection   |e Cawangan Tangkak 
999 |a 0000930252   |b Book   |c Children Collection   |e Cawangan Tangkak 
999 |a 0000930253   |b Book   |c Children Collection   |e Cawangan Tangkak 
999 |a 0000957449   |b Book   |c Children Collection   |e Cawangan Mersing 
999 |a 0000957453   |b Book   |c Children Collection   |e Perbadanan Perpustakaan Awam Johor 
999 |a 0000958778   |b Book   |c Children Collection   |e Perbadanan Perpustakaan Awam Johor 
999 |a 0000958779   |b Book   |c Children Collection   |e Cawangan Taman Universiti 
999 |a 0000958780   |b Book   |c Children Collection   |e Cawangan Urban Transformation Centre 
999 |a 9830602737   |b Book   |c Children Collection   |e Cawangan Sri Merlong